Contributions from Germany in field of plant genetic resources (Registro nro. 1272)
[ vista simple ]
| 000 -CABECERA | |
|---|---|
| Campo de control | 01019nam a2200277 4500 |
| 005 - FECHA Y HORA DE LA ULTIMA TRANSACCION | |
| Campo de control | 20160527120147.0 |
| 008 - ELEMENTOS DE LONGITUD FIJA—INFORMACION GENERAL | |
| Campo de control | 160527s1995 gw ||||rb||| 001 0 eng d |
| 040 ## - FUENTE DE CATALOGACIÓN | |
| Agencia catalogadora original | CO-BoIAVH |
| Agencia transcriptora | CO-BoIAVH |
| 041 0# - IDIOMA | |
| Código de idioma para texto/pista de sonido o título separado | Inglés |
| 044 ## - PAÍS DE PUBLICACIÓN | |
| País de publicación | Alemania |
| 090 ## - CLASIFICACIÓN LOCAL | |
| Colección | RE- |
| Consecutivo | 00063 |
| 100 1# - ASIENTO PRINCIPAL--NOMBRE PERSONAL | |
| Nombre personal | Blümlein, Gabriele |
| Término relacionado | autora |
| 9 (RLIN) | 71014 |
| 245 10 - MENCION DE TITULO | |
| Título | Contributions from Germany in field of plant genetic resources |
| Parte restante del título | selected bibliography / |
| Mención de responsabilidad | Gabriele Blümlein [y otros 5] |
| 260 ## - PUBLICACION, DISTRIBUCION, ETC. (PIE DE IMPRENTA) | |
| Lugar de publicación, distribución, etc. | Bonn : |
| Nombre del editor, distribuidor, etc. | ZADI, |
| Fecha de publicación, distribución, etc. | 1995. |
| 300 ## - DESCRIPCION FISICA | |
| Extensión | 260 páginas ; |
| Dimensiones | 30 x 21 cm. |
| 650 26 - ASIENTO SECUNDARIO DE MATERIA - TERMINO TEMATICO | |
| Término temático o nombre geográfico como elemento de entrada | Recursos fitogenéticos |
| Subdivisión de forma | Bibliografías |
| 9 (RLIN) | 71015 |
| 650 26 - ASIENTO SECUNDARIO DE MATERIA - TERMINO TEMATICO | |
| Término temático o nombre geográfico como elemento de entrada | Agricultura |
| Subdivisión de forma | Bibliografías |
| 9 (RLIN) | 71016 |
| 650 26 - ASIENTO SECUNDARIO DE MATERIA - TERMINO TEMATICO | |
| Término temático o nombre geográfico como elemento de entrada | Biodiversidad |
| Subdivisión general | conservación |
| Subdivisión de forma | Bibliografías |
| 9 (RLIN) | 71017 |
| 650 26 - ASIENTO SECUNDARIO DE MATERIA - TERMINO TEMATICO | |
| Término temático o nombre geográfico como elemento de entrada | Bosques |
| Subdivisión general | conservación |
| Subdivisión de forma | Bibliografías |
| 9 (RLIN) | 71018 |
| 700 1# - ASIENTO SECUNDARIO - NOMBRE PERSONAL | |
| Nombre personal | Oetmann, Anja |
| Término de relación | autor |
| 9 (RLIN) | 71019 |
| 700 1# - ASIENTO SECUNDARIO - NOMBRE PERSONAL | |
| Nombre personal | Jiménez Krause, Daniel |
| Término de relación | autor |
| 9 (RLIN) | 71020 |
| 700 1# - ASIENTO SECUNDARIO - NOMBRE PERSONAL | |
| Nombre personal | Brockhaus, Ralph |
| Término de relación | autor |
| 9 (RLIN) | 71021 |
| 700 1# - ASIENTO SECUNDARIO - NOMBRE PERSONAL | |
| Nombre personal | Andres, Marianne |
| Término de relación | autora |
| 9 (RLIN) | 71022 |
| 700 1# - ASIENTO SECUNDARIO - NOMBRE PERSONAL | |
| Nombre personal | Maschka, Rainer |
| Término de relación | autor |
| 9 (RLIN) | 71023 |
| 942 ## - ELEMENTOS ADICIONALES (KOHA) | |
| Tipo de ítem | Libro |
| Sistema de clasificación | Dewey Decimal Classification |
| Withdrawn status | Lost status | Sistema de Clasificación | Damaged status | No para préstamo | Colección | Inventariado | Ubicación Permanente | Ubicación actual | Fecha de adquisición | Fuente de Valor | Total Checkouts | Número topográfico | Inventario / Código de Barras | Date last seen | Ejemplar | Price effective from | Forma de adquisición | Tipo de material |
|---|---|---|---|---|---|---|---|---|---|---|---|---|---|---|---|---|---|---|
| Local | Referencia | Inventariado 2017 | Sala Fabio Quevedo | Sala Fabio Quevedo | 01/05/1999 | Giraldo, Alfonso. | RE-00063 | 001712 | 04/12/2012 | Ej. 1 | 04/12/2012 | Donación | Bibliografías |